| 000 | 00357nam a22001337a 4500 | ||
|---|---|---|---|
| 020 | _qHB. | ||
| 040 | _cFIZZA ISHAQ | ||
| 082 |
_a025.04 _bCHR |
||
| 100 |
_aMANMING, D. CHRISTOPHER. _987180 |
||
| 245 |
_aINTRODUCTION TO INFORMATION RETRIEVAL / _cCHRISTOPHER D. MANMING. |
||
| 260 |
_aNEW YORK : _bCAMBRIDGE, _c2008. |
||
| 300 | _a482 P. ; | ||
| 942 |
_2ddc _cBK |
||
| 999 |
_c587475 _d587475 |
||